| 000 | 00683cam a2200205 a 4500 | ||
|---|---|---|---|
| 020 | _a0521433339 (hardback) | ||
| 040 | _cDLC | ||
| 082 | 0 | 0 | _a930 CUP 1993 C146 Or. |
| 245 | 0 | 0 |
_aAbandonment of settlements and regions : _bethnoarchaeological and archaeological approaches / |
| 260 |
_aCambridge ; _aNew York : _bCambridge University Press, _c1993 |
||
| 300 |
_axv, 201 p. : _bill., maps ; _c26 cm |
||
| 490 | 1 | _aNew directions in archaeology | |
| 650 | 0 | _aEthnoarchaeology | |
| 650 | 0 | _aExcavations (Archaeology) | |
| 650 | 0 | _aLand settlement | |
| 650 | 0 | _aLand settlement patterns, Prehistoric | |
| 700 | 1 | _aCameron, Catherine M | |
| 700 | 1 | _aTomka, Steve A | |
| 942 | _cAEDBB | ||
| 999 |
_c18505 _d18505 |
||